| 000 | 00852nas a2200253 4500 | ||
|---|---|---|---|
| 001 | BR9210523 | ||
| 003 | BR-BrBNA | ||
| 005 | 20231205093404.0 | ||
| 007 | ta | ||
| 008 | 230509b bl.|||p| |||| 00| 00por d | ||
| 040 |
_aBR-BrBNA _bpor _cBiblioteca Nacional de Agricultura |
||
| 041 | _a(Pt) | ||
| 072 | _aF01 | ||
| 100 | 1 | _aReis, R.A. | |
| 100 | 1 | _aGarcia, R. | |
| 245 | 1 | _aEfeitos de regimes de corte na producao de sementes de capim-braquiaria (Brachiaria decumbens, Stapf) | |
| 246 | 1 | _aEffects of seasonal clipping on Brachiaria decumbens (Stapf)seed production | |
| 650 | _aCAPIM BRACHIARIA | ||
| 650 | _aSEMENTE | ||
| 650 | _aCORTE | ||
| 773 | 0 |
_tRevista da Sociedade Brasileira de Zootecnia (Brazil) _xISSN 0100-4859 _g(Jan-Feb 1989), v. 18(1) p. 91-96 _wBR9210523 |
|
| 909 |
_a202311 _bLúcia _c55 _dLúcia Elande |
||
| 942 |
_2AGRIS _n0 _cANA |
||
| 999 |
_c138004 _d138004 |
||